000 00436nam a22001817a 4500
003 MPLRDC
005 20220104143205.0
008 210129b ||||| |||| 00| 0 eng d
082 _a868.71 WRP c.2
100 _a温任平
245 _a文学. 教育. 文化
_c
250 _a初版
260 _a
_b天狠星出版社
_c1986
300 _b
490 _a天狠丛刊. 7
650 _a马华文学
942 _cBK
_o868.71 WRP c.2
999 _c37496
_d37486